Mauritania, scale 1:2,000,000 /
Saved in:
| Corporate Authors: | , |
|---|---|
| Format: | Map |
| Language: | English |
| Published: |
Vancouver, B.C. :
International Travel Maps,
c2007.
|
| Edition: | 2nd ed. |
| Subjects: | |
| Tags: |
Add Tag
No Tags, Be the first to tag this record!
|
| LEADER | 01110nem a2200301 a 4500 | ||
|---|---|---|---|
| 001 | 011596202-6 | ||
| 005 | 20081026102312.0 | ||
| 008 | 071203s2007 bcccg a 1 eng | ||
| 010 | |a 2007633711 | ||
| 034 | 1 | |a a |b 2000000 |d W0173000 |e W0050000 |f N0273000 |g N0150000 | |
| 035 | 0 | |a ocn182764831 | |
| 040 | |a DLC |c DLC |d HLS | ||
| 050 | 0 | 0 | |a G8821.E635 2007 |b .I5 |
| 052 | |a 8821 | ||
| 110 | 2 | |a International Travel Maps (Firm) | |
| 245 | 1 | 0 | |a Mauritania, scale 1:2,000,000 / |c International Travel Maps. |
| 250 | |a 2nd ed. | ||
| 255 | |a Scale 1:2,000,000 |c (W 17°30ʹ--W 5°00ʹ/N 27°30ʹ--N 15°00ʹ). | ||
| 260 | |a Vancouver, B.C. : |b International Travel Maps, |c c2007. | ||
| 300 | |a 1 map : |b col. ; |c 82 x 69 cm., folded to 25 x 11 cm. | ||
| 500 | |a Relief shown by gradient tints and spot heights. Depths shown by gradient tints. | ||
| 500 | |a Title from panel. | ||
| 500 | |a Copyright: ITMB Publishing Ltd. | ||
| 500 | |a Includes index, glossary, statistics, map of Nouakchott, and location map. | ||
| 651 | 0 | |a Mauritania |v Maps, Tourist. | |
| 710 | 2 | |a ITMB Publishing Ltd. | |
| 988 | |a 20081026 | ||
| 906 | |0 DLC | ||


